000 02574nam a22003857a 4500
001 101802
003 KnowledgeUnlatched
005 20210303105136.0
006 m o d
007 cr u||||||||||
008 210129p20132019mau o u00| u eng d
037 _5BiblioBoard
245 0 0 _aFreedom from Violence and Lies
_bEssays on Russian Poetry and Music /
_cThomas A. Koster, Simon Karlinsky, Robert P. Hughes, Richard A. Taruskin.
020 _a9781618116765
029 1 _ahttps://library.biblioboard.com/ext/api/media/02e50c66-fa51-4e1d-8b21-0b026d0ea179/assets/thumbnail.jpg
040 _aScCtBLL
_cScCtBLL
506 0 _aAccess copy available to the general public.
_fUnrestricted
_2star
700 1 _aKoster, Thomas A.
_eeditor.
700 1 _aKarlinsky, Simon
_eauthor.
700 1 _aHughes, Robert P.
_eeditor.
700 1 _aTaruskin, Richard A.
_eeditor.
264 1 _bAcademic Studies Press,
300 _a1 online resource (505 p.)
520 _aFreedom from Violence and Lies is a collection of forty-one essays by Simon Karlinsky (1924-2009), a prolific and controversial scholar of modern Russian literature, sexual politics, and music who taught in the University of California, Berkeley's Department of Slavic Languages and Literatures from 1964 to 1991. Among Karlinsky's full-length works are major studies of Marina Tsvetaeva and Nikolai Gogol, Russian Drama from Its Beginnings to the Age of Pushkin; editions of Anton Chekhov's letters; writings by Russian émigrés; and correspondence between Vladimir Nabokov and Edmund Wilson. Karlinsky also wrote frequently for professional journals and mainstream publications like the New York Times Book Review and the Nation. The present volume is the first collection of such shorter writings, spanning more than three decades. It includes twenty-seven essays on literary topics and fourteen on music, seven of which have been newly translated from the Russian originals.
588 0 _aDescription based on print version record.
590 _aKU Open Services
650 7 _aLiterary Collections
_2bisacsh
655 7 _aAnthologies
_2lcgft
655 0 _aElectronic books.
758 _iIs found in:
_aKnowledge Unlatched
_1https://openresearchlibrary.org/module/2774bc74-146a-484f-a7ba-ab1d6a09bbfb
856 4 0 _uhttps://openresearchlibrary.org/content/02e50c66-fa51-4e1d-8b21-0b026d0ea179
_zView this content on Open Research Library.
_70
999 _c33761
_d33761